000 00836nam a22002417a 4500
005 20180803170421.0
008 170908b2003 it ||||| |||| 00| 0 spa d
020 _a9253046325
040 _aCO-BoIAVH
_cCO-BoIAVH
041 _aspa
044 _ait
082 _a630.92
_bF21m
110 _aFAO
245 1 0 _aManual para la capacitación de trabajadores de extensión y Agricultores:
_balternativas al bromuro de metilo para la fumigación de los suelos
260 _aRoma Italia:
_bFAO,
_bPNUMA.,
_c2003.
300 _a74 páginas
650 1 4 _aAgricultores
_vEscuelas de campo
650 1 4 _aAgricultores
_vCapacitación
650 1 4 _aAlternativas no químicas
_vAlternativas químicas
650 1 4 _aMalezas
_vEvaluación
650 1 4 _aAgrosistemas
_vAnálisis
942 _2ddc
_cLIBRO
999 _c19813
_d19813